| 000 | 01703cam a22003853a 4500 | ||
|---|---|---|---|
| 001 | 13815211 | ||
| 003 | LC | ||
| 005 | 20160316105945.0 | ||
| 008 | 041214s2004 nyua j 000 1 eng d | ||
| 010 | _a 2004304870 | ||
| 020 | _a043968126X | ||
| 035 | _a(OCoLC)ocm56717804 | ||
| 040 |
_aWSN _cWSN _dDLC |
||
| 050 |
_aPS 648 _b.W764 2004 |
||
| 082 |
_aFIC _bW92r 2004 |
||
| 100 | 1 |
_aWindham, Ryder. _919256 |
|
| 245 | 1 | 0 |
_aStar wars trilogy : _cRyder Windham ; based on the story by George Lucas and the screenplay by Lawrence Kasdan and George Lucas. _breturn of the Jedi / |
| 246 | 3 | 0 | _aReturn of the Jedi |
| 260 |
_aNew York : _bScholastic : _bLucas Books, _cc2004. |
||
| 300 |
_a188 p. ; _bcol. ill. ; _c20 cm. |
||
| 440 |
_aStar wars trilogy _919470 |
||
| 650 | 0 |
_aSkywalker, Luke (Fictitious character) _vJuvenile fiction. _919471 |
|
| 650 | 0 |
_aSolo, Han (Fictitious character) _vJuvenile fiction. _919472 |
|
| 650 | 0 |
_aLeia, Princess (Fictitious character) _vJuvenile fiction. _919473 |
|
| 655 | 7 |
_aScience fiction. _2gsafd _91889 |
|
| 700 | 1 |
_aLucas, George, _d1944- _919474 |
|
| 700 | 1 |
_aKasdan, Lawrence, _d1949- _919475 |
|
| 730 | 0 |
_aReturn of the Jedi (Motion picture) _919476 |
|
| 800 | 1 |
_aWindham, Ryder. _tStar wars trilogy. _919477 |
|
| 856 | 4 | 2 |
_3Publisher description _uhttp://www.loc.gov/catdir/enhancements/fy1203/2004304870-d.html |
| 906 |
_a7 _bcbc _ccopycat _d2 _encip _f20 _gy-gencatlg |
||
| 942 |
_2lcc _cBK |
||
| 999 |
_c11246 _d11246 |
||